Seznam chatových osad /

Další autoři: Říman, Josef, Partl, František
Jazyk: Čeština
Vydáno: Praha : Vydavatelství obchodu, 1964
Vydání: 1. vyd.
Edice: Knižnice pohostinství a cestovního ruchu
Fyzický popis: 45 s.
Knihy
Uloženo v:
LEADER 01001nam a22002892a 4500
001 001375697
003 CZ BrMZK
005 20140325110400.0
007 ta
008 140321s1964 xr er|||||||||||cze d
015 |a cnb000441860 
035 |a (OCoLC)42158172 
040 |a ABA001  |b cze  |c OLA001  |d BOA001 
080 9 |a 64.024:728.71].(437.1/.2)(083.8) 
245 0 0 |a Seznam chatových osad /  |c uspořádal Josef Říman a František Pártl 
250 |a 1. vyd. 
260 |a Praha :  |b Vydavatelství obchodu,  |c 1964 
300 |a 45 s. 
490 1 |a Knižnice pohostinství a cestovního ruchu ;  |v sv. 10 
700 1 |a Říman, Josef  |7 mzk2011650274  |4 com 
700 1 |a Partl, František  |7 xx0028427  |4 com 
830 0 |a Knižnice pohostinství a cestovního ruchu 
910 |a BOA001  |b 2-0508.845 
990 |a BK 
991 |b 201403 
996 6 |b 2619048587  |c 2-0508.845  |l HP2  |r DEN  |n 0  |w 001410785  |u 000020  |a 1  |e BOA001  |j MZK50  |s P 
996 7 |b 2619048588  |c 2-0508.845  |l HP2  |r DEN  |n 0  |w 001410785  |u 000010  |a 1  |e BOA001  |j MZK50  |s A